000 00658nam a22002057a 4500
005 20081020150224.0
008 081020t xxu||||| |||| 00| 0 eng d
010 _aENG-84479
020 _a817884303X
020 _c650.00 (hb)
035 _aEN-68012
082 _a301 / MEH
100 _aMehta, Balwant
245 _aElements of sociology:
_ba practical approach /
_cy Balwant Mehta
260 _aNew Delhi
_bCyber Tech Publications
260 _c2007
300 _a265p
_c22cm
942 _2ddc
_cEN
_h301
_mMEH
999 _c17785
_d17785